000
00296nam a2200133Ia 4500
005
20251222155113.0
008
251222s9999||||xx |||||||||||||| ||spa||
082
_a
EDUM.89
100
_a
ISABEL SOLÉ
245
0
_a
estrategias de lectura
250
_a
10ma. ed.
264
_b
Grao
942
_c
LIB
999
_c
38127
_d
38127